| 000 | 02160nam a22002657a 4500 | ||
|---|---|---|---|
| 003 | OSt | ||
| 005 | 20201015132044.0 | ||
| 008 | 201015t1995 mx ||||er|||| 00| 0 spa d | ||
| 020 | _a9686321487 | ||
| 040 |
_aCO-JMCR _cCO-JMCR |
||
| 041 | 1 |
_aspa _heng |
|
| 082 | 0 | 4 |
_a306.87 / _bG778h _223 |
| 100 | 1 |
_aGray, John, _eautor _911581 |
|
| 245 | 1 | 4 |
_aLos hombres son de Marte, las mujeres son de Venus / _cJohn Gray ; traducción Alejandro Tiscornia ; editor Rogelio Carvajal Dávila |
| 260 |
_aMéxico : _bOcéano, _c1995 |
||
| 300 |
_a324 páginas ; _c21 cm. |
||
| 500 | _aTítulo original: Men are from mars, women are from venus | ||
| 505 | 0 | _aLos hombres son de Marte, las mujeres son de Venus -- El señor "arréglalo-todo" y la Comisión del mejoramiento del hogar -- Los hombres se meten en sus cuevas y las mujeres hablan -- Cómo estimular al sexo opuesto -- Hablar diferentes idiomas -- Los hombres son como bandas elásticas -- Las mujeres son como olas -- El descubrimiento de nuestras necesidades emocionales -- Cómo evitar las discusiones -- Marcar puntos con el sexo opuesto -- Cómo comunicar los sentimientos difíciles -- Cómo pedir apoyo y cómo obtenerlo -- Cómo mantener viva la magia del amor | |
| 520 | 3 | _aEsto no es otro libro más de autosuperación y relaciones humanas, John Gray, como pocos, ha dado en el clavo; al fin, una guía inteligente y soluciones originales en un trabajo sencillo, ingenioso y verdaderamente útil que es una genuina contribución a la comprensión cabal de los modos diversos de comunicación entre hombres y mujeres y sus encontradas necesidades emocionales. Lo hombres son de Marte, las mujeres son de Venus es uno de esos cada vez más raros libros que tanto aprecia un lector agradecido: un libro de los que dejan huella indeleble por que quien los lee acaba siendo y se siente diferente; digamos: nada se percibe de la misma manera después de la lectura. | |
| 546 | _aTraducido del inglés | ||
| 650 | 1 | 4 |
_2Relaciones de pareja _xaspectos psicológicos _91594 |
| 700 | 1 |
_aTiscornia, Alejandro, _etraductor _911582 |
|
| 700 | 1 |
_aCarvajal Dávila, Rogelio, _eeditor _911583 |
|
| 942 |
_2ddc _cBK |
||
| 999 |
_c6925 _d6925 |
||